Etnicidad y estructura social / (Record no. 64225)

MARC details
000 -LEADER
fixed length control field 00541cam a2200193 4500
008 - FIXED-LENGTH DATA ELEMENTS--GENERAL INFORMATION
fixed length control field 1992 spa
020 ## - INTERNATIONAL STANDARD BOOK NUMBER
International Standard Book Number 968-496-202-9
050 #4 - LIBRARY OF CONGRESS CALL NUMBER
Classification number GN495
Item number .6 C37 1992
100 1# - MAIN ENTRY--PERSONAL NAME
Personal name Cardoso de Oliveira, Roberto
245 #0 - TITLE STATEMENT
Title Etnicidad y estructura social /
Statement of responsibility, etc Roberto Cardoso de Oliveira-
260 ## - PUBLICATION, DISTRIBUTION, ETC. (IMPRINT)
Place of publication, distribution, etc México :
Name of publisher, distributor, etc CIESAS,
Date of publication, distribution, etc 1992
300 ## - PHYSICAL DESCRIPTION
Extent 158 p. ;
Dimensions 21 cm.
440 #0 - SERIES STATEMENT/ADDED ENTRY--TITLE
Title Miguel Othon de Mendizabal
500 ## - GENERAL NOTE
General note 1 ejemplar
650 #4 - SUBJECT ADDED ENTRY--TOPICAL TERM
Topical term or geographic name as entry element Etnologia
942 ## - ADDED ENTRY ELEMENTS (KOHA)
Source of classification or shelving scheme Biblioteca del Cogreso de los Estados Unidos
Koha item type Libro
Holdings
Estado de pérdida Fuente de clasificación Estado del daño No para préstamo Ubicación permanente Ubicación actual Apartado o colección Fecha de adquisición Edición Dependencia de educación superior (DES) Área del conocimiento Clasificación Código de Barras Date last seen Número de copia Tipo de recurso
  Biblioteca del Cogreso de los Estados Unidos     Biblioteca del Instituto de Investigaciones Históricas Biblioteca del Instituto de Investigaciones Históricas General 13/08/2018 1a ed. Humanidades Ciencias Naturales y Exactas GN495 .6 C37 1992 IIH000024110 13/08/2018 C:1 Libro
  Biblioteca del Cogreso de los Estados Unidos     Biblioteca del Instituto de Investigaciones Históricas Biblioteca del Instituto de Investigaciones Históricas General 13/08/2018 1a ed. Humanidades Ciencias Naturales y Exactas GN495 .6 C37 1992 IIH000024111 13/08/2018 C:2 Libro